[Event "1st Int di Pasqua"]
[Site "Bologna ITA"]
[Date "2008.03.21"]
[Round "2"]
[White "Barillaro,L"]
[Black "Scalcione,M"]
[Result "1-0"]
[WhiteElo "2180"]
[BlackElo "2431"]

1.d4 d6 2.e4 Nf6 3.Nc3 c6 4.Nf3 Bg4 5.Be2 e6 6.O-O Be7 7.Be3 d5 8.exd5 cxd5
9.Ne5 Bxe2 10.Nxe2 Nc6 11.c3 O-O 12.Qb3 Qc7 13.f4 Ne4 14.Ng3 Nxg3 15.hxg3 Na5
16.Qc2 f6 17.Nd3 Rae8 18.Rae1 Bd8 19.g4 Nc4 20.Bc1 Nd6 21.Nc5 Qf7 22.Qe2 Bb6
23.Nxe6 f5 24.Qe5 Ne4 25.gxf5 g6 26.Qxd5 gxf5 27.Rxe4 fxe4 28.Qg5+ Kh8 29.Nxf8 Qxf8
30.f5 Qf7 31.Bf4 e3 32.Bxe3 Rg8 33.Qh6 Qd5 34.Qf6+ Rg7 35.Rf2 Bd8 36.Qe5 Qc6
37.f6 Bxf6 38.Qxf6  1-0

[Event "Doeberl Cup"]
[Site "Canberra AUS"]
[Date "2008.03.21"]
[Round "3"]
[White "Yu,D"]
[Black "Wright,N"]
[Result "0-1"]
[WhiteElo "1987"]
[BlackElo "2207"]

1.e4 d6 2.d4 Nf6 3.Nc3 Nbd7 4.Be3 e5 5.f4 c6 6.h3 Be7 7.Nf3 exf4 8.Bxf4 Nh5
9.Be3 Ng3 10.Rg1 Nxf1 11.Rxf1 O-O 12.Qd2 Nf6 13.O-O-O Qa5 14.Kb1 Re8 15.g4 Bd8
16.e5 Nd5 17.Nxd5 Qxd5 18.Qf2 Be6 19.b3 a5 20.exd6 a4 21.Ne5 axb3 22.cxb3 Bh4
23.Qxh4 Rxa2 24.Nc4 Qe4+ 25.Kxa2 Qc2+ 26.Ka3 Bxc4 27.Rb1 Qc3  0-1

[Event "31st San Sebastian Open"]
[Site "Donostia ESP"]
[Date "2008.03.21"]
[Round "7"]
[White "Mateo,Ra"]
[Black "Puerto Traver,J"]
[Result "1-0"]
[WhiteElo "2484"]
[BlackElo "2105"]

1.e4 d6 2.d4 Nf6 3.Nc3 c6 4.h3 e5 5.Nge2 Be7 6.g4 b5 7.a3 a6 8.Bg2 O-O 9.Be3 Re8
10.Ng3 exd4 11.Qxd4 h6 12.O-O Bf8 13.Rad1 Bb7 14.g5 hxg5 15.Bxg5 Nbd7 16.Nf5 c5
17.Qd3 b4 18.Ne2 Qb6 19.Neg3 a5 20.Rfe1 d5 21.exd5 Ne5 22.Qd2 Nc4 23.Qf4 Nxb2
24.Nh6+ gxh6 25.Bxf6 Nxd1 26.Qg4+ Kh7 27.Qf5+ Kg8 28.Be4 Rxe4 29.Rxe4 Nxf2
30.Kxf2 c4+ 31.Kf1 Bc5  1-0

[Event "XXXV Open"]
[Site "La Roda ESP"]
[Date "2008.03.21"]
[Round "4"]
[White "Espinosa Aranda,A"]
[Black "Llorente Zaro,A"]
[Result "0-1"]
[WhiteElo "2278"]
[BlackElo "2435"]

1.e4 d6 2.d4 Nf6 3.Nc3 Nbd7 4.Nf3 e5 5.Bc4 Be7 6.O-O O-O 7.Re1 c6 8.a4 a5
9.Qe2 exd4 10.Nxd4 Re8 11.Bg5 Bf8 12.Qd2 h6 13.Bh4 Ne5 14.Ba2 Ng6 15.Bg3 Nh5
16.Rad1 Nxg3 17.hxg3 Qb6 18.Bb3 Ne5 19.Nf3 Be6 20.Qe3 Qxe3 21.Rxe3 Nd7 22.Nd4 Nc5
23.Nxe6 fxe6 24.Ne2 d5 25.exd5 exd5 26.Rxe8 Rxe8 27.Nf4 Bd6 28.Nd3 Nxb3 29.cxb3 Kf7
30.Kf1 Kf6 31.Re1 Rxe1+ 32.Kxe1 Be5 33.Kd2 Bd4 34.f3 h5 35.Kc2 Be5 36.Nxe5 Kxe5
37.Kd3 d4 38.Kc4 c5 39.Kd3 Kd5  0-1

[Event "XXXV Open"]
[Site "La Roda ESP"]
[Date "2008.03.21"]
[Round "4"]
[White "Sanchez Jerez,E"]
[Black "Strikovic,A"]
[Result "0-1"]
[WhiteElo "2143"]
[BlackElo "2543"]

1.d4 d6 2.e4 Nf6 3.Nc3 e5 4.Nf3 Nbd7 5.Bc4 Be7 6.O-O O-O 7.Qe2 c6 8.a4 exd4
9.Nxd4 Re8 10.Ba2 Bf8 11.Be3 Nxe4 12.Nxe4 Rxe4 13.Qc4 Qe8 14.Qc3 d5 15.Rfe1 a5
16.Qd2 Nc5 17.c3 Bd7 18.Bb1 Re5 19.Bc2 Ne4 20.Qd3 g6 21.f3 Nd6 22.Bf2 c5
23.Bg3 Rxe1+ 24.Rxe1 Qd8 25.Bxd6 Bxd6 26.Nb5 Bxh2+ 27.Kf1 Bg3  0-1

[Event "ch-Siberia"]
[Site "Novokuznetsk RUS"]
[Date "2008.03.21"]
[Round "9"]
[White "Simonov,S"]
[Black "Zablotsky,S"]
[Result "0-1"]
[WhiteElo "2317"]
[BlackElo "2515"]

1.e4 d6 2.d4 Nf6 3.Nc3 e5 4.dxe5 dxe5 5.Qxd8+ Kxd8 6.Bc4 Be6 7.Bxe6 fxe6
8.f3 a6 9.Be3 Bd6 10.Nh3 Ke7 11.Nf2 Rc8 12.Ne2 Nbd7 13.O-O-O c5 14.h4 c4
15.h5 Bc5 16.Bxc5+ Nxc5 17.Kb1 b5 18.h6 g6 19.b4 Ncd7 20.Kb2 Nb8 21.a3 Nc6
22.c3 Rd8 23.Rxd8 Nxd8 24.a4 Nf7 25.Ra1 Rd8 26.Kc2 Nxh6 27.axb5 axb5 28.Ra5 Rb8
29.Ra7+ Nd7 30.Ng3 Nf7 31.Nf1 h5 32.Ne3 Nd6 33.Kd2 Rb7 34.Ra8 Nb6 35.Ra5 Rd7
36.Ke2 Nbc8 37.Nh3 Kf6 38.Ke1 Ne7 39.Ke2 g5 40.Ke1 Ng6 41.g3 Ne7 42.Nf2 Ng6
43.Nh3 Nh8 44.Nf2 Nhf7 45.Ra8 Kg7 46.Ng2 Rb7 47.Ra6 Kf6 48.Ke2 Ke7 49.Ra8 Kd7
50.Ke3 Nc8 51.Ra5 Rb6 52.Ra8 Kc7 53.Ke2 Rd6 54.Ra5 Kb6 55.Ra1 Rd8 56.Rh1 Rh8
57.Ke3 Kc6 58.Ra1 Kb7 59.Ra5 Nfd6 60.Ra1 Nb6 61.Rh1 Na4 62.Nd1 Kc6 63.Ke2 g4
64.Ke3  0-1

[Event "1st Int di Pasqua"]
[Site "Bologna ITA"]
[Date "2008.03.22"]
[Round "4"]
[White "Laketic,G"]
[Black "Scalcione,M"]
[Result "1/2-1/2"]
[WhiteElo "2443"]
[BlackElo "2431"]

1.e4 d6 2.d4 Nf6 3.Nc3 Nbd7 4.Nf3 e5 5.Bc4 Be7 6.O-O O-O 7.Re1 c6 8.a4 a5
9.b3 exd4 10.Nxd4 Nc5 11.Bb2 Re8 12.Qd2 Bf8 13.f3 Qb6 14.Kh1 Bd7 15.Bf1 Rad8
16.Nd1 Bc8  1/2-1/2

[Event "1st Int di Pasqua"]
[Site "Bologna ITA"]
[Date "2008.03.22"]
[Round "5"]
[White "Berzinsh,R"]
[Black "Laketic,G"]
[Result "1/2-1/2"]
[WhiteElo "2417"]
[BlackElo "2443"]

1.e4 d6 2.d4 Nf6 3.Nc3 e5 4.Nf3 Nbd7 5.Bc4 Be7 6.O-O O-O 7.a4 a5 8.b3 c6
9.Bb2 Qc7 10.Be2 Qd8 11.Bc1 Qc7 12.Bb2 Nb6 13.Bc4 Nbd7 14.Bc1 exd4 15.h3  1/2-1/2

[Event "31st San Sebastian Open"]
[Site "Donostia ESP"]
[Date "2008.03.22"]
[Round "8"]
[White "Quinn,R"]
[Black "Gonzalez de la Torre,S"]
[Result "0-1"]
[WhiteElo "2024"]
[BlackElo "2389"]

1.e4 d6 2.d4 Nf6 3.Nc3 e5 4.Nf3 Nbd7 5.g4 Nxg4 6.Rg1 Ngf6 7.Bc4 h6 8.dxe5 dxe5
9.Qe2 c6 10.Be3 b5 11.Bb3 Qa5 12.O-O-O Ba6 13.Qd2 b4 14.Ne2 c5 15.Bd5 Rd8
16.Ng3 c4 17.Kb1 c3 18.Qc1 Nxd5 19.Rxd5 Qc7 20.Nh4 Bc4 21.Rdd1 Be6 22.Nh5 Qc4
23.b3 Qxe4 24.f4 Nf6 25.Rxd8+ Kxd8 26.Ng3 Qc6 27.fxe5 Nd5 28.Bd4 Be7 29.Nhf5 Bg5
30.Qe1 g6 31.Nd6 f5 32.Ne2 Bd2 33.Qf2 g5 34.Nc4 Nf4 35.Rd1 Bxc4 36.Nxf4 gxf4
37.bxc4 Kc8 38.Bc5 a5 39.a3 b3 40.Bd6 Qxc4 41.Qa7 bxc2+ 42.Kxc2 Qa4+  0-1

[Event "Palace Hotel Open"]
[Site "Heviz HUN"]
[Date "2008.03.22"]
[Round "3"]
[White "Kernazhitsky,L"]
[Black "Vassallo,M"]
[Result "1-0"]
[WhiteElo "2338"]
[BlackElo "2383"]

1.e4 d6 2.d4 Nf6 3.Nc3 c6 4.Nf3 Qa5 5.Bd3 Nbd7 6.O-O e5 7.h3 Be7 8.Be3 O-O
9.Qd2 Qc7 10.a4 a5 11.Rfe1 Re8 12.Rad1 Bf8 13.dxe5 dxe5 14.Bc4 h6 15.Qe2 Nc5
16.Nd2 Ne6 17.Bxe6 Bxe6 18.Nc4 Nd7 19.b3 Bb4 20.Bd2 Nf8 21.Nb1 Bxd2 22.Rxd2 Red8
23.Nba3 Ng6 24.Red1 Rxd2 25.Qxd2 Qe7 26.Kh2 b5 27.axb5 cxb5 28.Nd6 b4 29.Nac4 Kh7
30.Nf5 Qc5 31.Qe3 Rc8 32.Nfd6 Rc7 33.Qxc5 Rxc5 34.Ra1 Nf4 35.Rxa5 Rc6 36.Rxe5 Ne2
37.Ra5 g6 38.Ra7 Kg8 39.Ra8+ Kh7 40.e5 h5 41.h4 Rc5 42.Ne4 Rc6 43.Ng5+ Kg7
44.Nxe6+ Rxe6 45.Rb8 Nd4 46.Rxb4 Nxc2 47.Rb7 Nd4 48.f4 Nf5 49.g3 Rc6 50.Kg2 Nd4
51.Nd6 Rc2+ 52.Kf1 Nf3 53.Nxf7 Kf8 54.Ng5  1-0

[Event "XXXV Open"]
[Site "La Roda ESP"]
[Date "2008.03.22"]
[Round "6"]
[White "Macak,S"]
[Black "Paunovic,D"]
[Result "1/2-1/2"]
[WhiteElo "2361"]
[BlackElo "2522"]

1.e4 d6 2.d4 Nf6 3.Nc3 e5 4.Nf3 Nbd7 5.Bc4 Be7 6.O-O O-O 7.a4 a5 8.Re1 c6
9.b3 exd4 10.Nxd4 Nb6 11.Bf1 d5 12.e5 Ne4 13.Nxe4 dxe4 14.Bb2 f5 15.f3 Bc5
16.Kh1 Qd5 17.f4 Rd8 18.Qh5 Qf7 19.Qh4 Be6 20.Red1 Rd5 21.c4 Rd7 22.Nxe6 Qxe6
23.g4 g6 24.gxf5 gxf5 25.Bh3 Rf8 26.Rxd7 Nxd7 27.Rd1 Rf7 28.Qg5+ Kh8 29.Rd6 Bxd6
30.exd6+ Nf6 31.d7 Qd6 32.Bf1 Qd1 33.Kg2 Qf3+ 34.Kg1 Qd1 35.Kg2 Qf3+ 36.Kg1 Qe3+
37.Kh1  1/2-1/2

[Event "XXXV Open"]
[Site "La Roda ESP"]
[Date "2008.03.22"]
[Round "6"]
[White "Larino Nieto,D"]
[Black "Strikovic,A"]
[Result "0-1"]
[WhiteElo "2439"]
[BlackElo "2543"]

1.e4 d6 2.d4 Nf6 3.Nc3 e5 4.dxe5 dxe5 5.Qxd8+ Kxd8 6.Bd2 c6 7.O-O-O Nbd7
8.f3 Bc5 9.Nge2 Ke7 10.g4 a5 11.a4 Nf8 12.Kb1 h5 13.g5 N6d7 14.h4 Ne6 15.Na2 g6
16.Nac1 Bd6 17.Nb3 Bb4 18.Bc3 Bxc3 19.Nxc3 Nec5 20.Nc1 Rf8 21.N1e2 f6 22.Rg1 Ne6
23.Bh3 Ndc5 24.gxf6+ Rxf6 25.Rg3 Bd7 26.Rdg1 Rg8 27.b3 Be8 28.Kc1 Rgf8 29.Bg2 Nf4
30.Rg5 Nd7 31.Nxf4 Rxf4 32.Rh1 Kf6 33.Rg3 Kg7 34.Ne2 R4f7 35.Rg5 Re7 36.Rf1 Kh6
37.Kd2 Nf6 38.Ke3 Nh7 39.Rg3 g5 40.hxg5+ Nxg5 41.f4 exf4+ 42.Nxf4 Ne6 43.Nxe6 Rxf1
44.Bxf1 Rxe6 45.Bh3 Rg6 46.Rxg6+ Kxg6 47.Kf4 Kf6 48.e5+ Ke7 49.Kg5 Bd7 50.Bg2 Bg4
51.Be4 Ke6 52.Kf4 Bh3 53.Bd3 h4 54.Kg5 Kxe5 55.Kxh4 Bf5 56.Bxf5 Kxf5 57.Kg3 Ke4
58.Kf2 Kd4 59.Ke2 Kc3 60.Kd1 c5 61.Kc1 c4 62.bxc4 Kxc4 63.Kd2 Kb4 64.Kd3 Kxa4
65.Kc4 b6 66.Kc3 Ka3 67.Kc4 Kb2  0-1

[Event "SCT Ladies Open"]
[Site "Stockholm SWE"]
[Date "2008.03.22"]
[Round "4"]
[White "Meshcheriakova,E"]
[Black "Tereladze,S"]
[Result "1-0"]
[WhiteElo "2318"]
[BlackElo "2195"]

1.e4 d6 2.d4 Nf6 3.Nc3 e5 4.Nf3 Nbd7 5.Bc4 Be7 6.O-O O-O 7.Re1 c6 8.a4 h6
9.h3 Re8 10.Ba2 Bf8 11.Be3 exd4 12.Bxd4 Nc5 13.Bxc5 dxc5 14.Qxd8 Rxd8 15.Ne5 Be6
16.Bxe6 fxe6 17.Rad1 Bd6 18.Nxc6 bxc6 19.e5 Be7 20.exf6 Bxf6 21.Rxe6 Rxd1+
22.Nxd1 Rd8 23.Ne3 Bxb2 24.Rxc6 Bd4 25.Nf5 a5 26.Kf1 Kh7 27.Rd6 Rc8 28.f3 Bf6
29.Ra6 c4 30.Nd6 Rd8 31.Ke2 c3 32.Ne4 Rd5 33.Rxf6  1-0

[Event "SCT Ladies Open"]
[Site "Stockholm SWE"]
[Date "2008.03.22"]
[Round "5"]
[White "Karlovich,A"]
[Black "Shumiakina,T"]
[Result "1/2-1/2"]
[WhiteElo "2198"]
[BlackElo "2352"]

1.e4 d6 2.d4 Nf6 3.Nc3 e5 4.Nf3 Nbd7 5.g3 c6 6.Bg2 Be7 7.a4 a5 8.O-O O-O
9.Re1 Re8 10.h3 Bf8 11.Be3 Qc7 12.Qd2 exd4 13.Nxd4 Nc5 14.Bf4 Nfd7 15.Rad1 Ne5
16.b3 Ne6 17.Be3 Nxd4 18.Bxd4 Bxh3 19.Bxe5 Bxg2 20.Bxd6 Bxd6 21.Qxd6 Qxd6
22.Rxd6 Bh3 23.f3  1/2-1/2

[Event "15th Belisce Metalis Open"]
[Site "Bizovac CRO"]
[Date "2008.03.23"]
[Round "6"]
[White "Zelcic,R"]
[Black "Jusic,Z"]
[Result "1-0"]
[WhiteElo "2587"]
[BlackElo "2381"]

1.e4 d6 2.d4 Nf6 3.Nc3 e5 4.Nf3 Nbd7 5.Bc4 Be7 6.O-O O-O 7.Re1 c6 8.a4 a5
9.h3 Nb6 10.Ba2 Nfd7 11.Be3 Kh8 12.Qe2 Bf6 13.Rad1 Qe7 14.Qd2 Ra6 15.Nh2 exd4
16.Bxd4 Ne5 17.Qe2 c5 18.Be3 Be6 19.Bxe6 fxe6 20.Nb5 Ng6 21.c3 d5 22.Ng4 dxe4
23.Nxf6 gxf6 24.Bh6 Rg8 25.Qxe4 f5 26.Qxe6 Qxe6 27.Rxe6 Nxa4 28.Rxa6 bxa6
29.Nd6 Rb8 30.Nxf5 Nb6 31.h4 Kg8 32.Re1 Nd5 33.h5 Ngf4 34.Re5 Rxb2 35.Nd6 Re2
36.Rg5+  1-0

[Event "1st Int di Pasqua"]
[Site "Bologna ITA"]
[Date "2008.03.24"]
[Round "8"]
[White "Rombaldoni,Ax"]
[Black "Scalcione,M"]
[Result "1-0"]
[WhiteElo "2394"]
[BlackElo "2431"]

1.e4 d6 2.d4 Nf6 3.Nc3 e5 4.Nf3 Nbd7 5.Bc4 Be7 6.O-O O-O 7.a4 c6 8.Ba2 b6
9.Qe2 a6 10.Rd1 Qc7 11.h3 Bb7 12.Nh4 exd4 13.Rxd4 Rfe8 14.Nf5 d5 15.Nxe7+ Rxe7
16.Be3 dxe4 17.Rad1 Rae8 18.Qd2 c5 19.Rd6 Bc6 20.Bg5 b5 21.Bd5 e3 22.fxe3 Bxd5
23.Nxd5 Nxd5 24.Qxd5 Re5 25.Qf3 Nf8 26.Bf4 Re4 27.axb5 axb5 28.Rd8 Qb6 29.R8d6 Qa7
30.Qh5 c4 31.Kh2 Qa4 32.R1d2 b4 33.Rf2 Ng6 34.Bg3 R4e7 35.Qd5 b3 36.cxb3 cxb3
37.Rb6 Qe4 38.Qxb3 Qxe3 39.Qxe3 Rxe3 40.Rb7 f6 41.b4 Rb3 42.Rc2 Re7 43.Rb8+ Kf7
44.b5 Ne5 45.Bf2 Nd3 46.Bg1 Nb4 47.Rd2 Na6 48.Rb6 Nc7 49.Bc5 Rxb5 50.Bxe7 Rxb6
51.Bd8 Na8 52.Bxb6 Nxb6 53.Kg3 g5 54.Kg4 Nc4 55.Rd4 Ne3+ 56.Kf3 Nf5 57.Rd5 Kg6
58.Ra5 h5 59.g3 Nh6 60.Ke4 Nf7 61.Kd5 Kf5 62.Ra1 Nh6 63.Rf1+ Kg6 64.Ke6 Ng8
65.Rf5 Kg7 66.Rf1 Kg6 67.h4 Kg7 68.Rf2 Kg6 69.Rf5 gxh4 70.gxh4 Nh6 71.Rxf6+ Kg7
72.Rf4 Kg6 73.Rf8 Kg7 74.Ra8 Kg6 75.Ke5 Ng4+ 76.Kf4 Nf6 77.Ra6 Kg7 78.Kg5 Nh7+
79.Kxh5 Nf6+ 80.Kg5 Ne4+ 81.Kf4 Nf6 82.Kf5 Nh7 83.Ra7+ Kg8 84.h5 Nf8 85.Re7 Nh7
86.Kg6 Nf8+ 87.Kh6 Kh8 88.Rg7 Ne6 89.Rg6 Nf8 90.Rg1 Nh7 91.Ra1 Nf8 92.Kg5 Kg7
93.Ra7+ Kg8 94.Kf6 Nh7+ 95.Ke7 Kg7 96.Ra6 Kg8 97.h6  1-0

[Event "ch-SRB"]
[Site "Mataruska Banja SRB"]
[Date "2008.03.26"]
[Round "11"]
[White "Velickovic,Sa"]
[Black "Pikula,D"]
[Result "0-1"]
[WhiteElo "2401"]
[BlackElo "2524"]

1.e4 d6 2.d4 Nf6 3.Nc3 e5 4.Nf3 Nbd7 5.g3 Be7 6.Bg2 O-O 7.O-O c6 8.a4 b6
9.h3 a6 10.Be3 Bb7 11.Nd2 Re8 12.f4 Qc7 13.g4 exf4 14.Bxf4 h6 15.Kh1 b5 16.Ne2 c5
17.axb5 axb5 18.Rxa8 Bxa8 19.c3 Bf8 20.Ng3 cxd4 21.cxd4 Qb6 22.Be3 d5 23.Qb3 dxe4
24.Ndxe4 Qd8 25.Nxf6+ Nxf6 26.Bg1 Bxg2+ 27.Kxg2 b4 28.Qf3 Qd7 29.Bf2 Re6
30.Ra1 Re8 31.Ra5 Bd6 32.Nf5 Ne4 33.Ra6 Bf8 34.Ra5 Qc7 35.Re5 Rxe5 36.dxe5 Qxe5
37.Bd4 Qe6 38.Qf4 Qc6 39.Qf3 Qc2+  0-1

[Event "TCh-ISR"]
[Site "Israel ISR"]
[Date "2008.03.28"]
[Round "4"]
[White "Zilberman,Y"]
[Black "Oratovsky,M"]
[Result "1/2-1/2"]
[WhiteElo "2449"]
[BlackElo "2524"]

1.d4 d6 2.e4 Nf6 3.Nc3 c6 4.g3 e5 5.Nge2 b5 6.dxe5 dxe5 7.Qxd8+ Kxd8 8.Bg5 Nd7
9.f3 h6 10.Be3 Bc5 11.Bxc5 Nxc5 12.b4 Ne6 13.a4 Bd7 14.Bh3 Ke7 15.Bxe6 Kxe6
16.axb5 cxb5 17.Ra6+ Ke7 18.Kf2 Rhc8 19.Rha1 Rc4 20.Rxa7 Rxa7 21.Rxa7 Rxb4
22.Ke3 Rc4 23.Kd2 Kd6 24.Ra6+ Kc7 25.Nc1 Kb7 26.Ra1 Ne8 27.Nd3 f6 28.Nd5 Nd6
29.Ne3 Rc8 30.h4 h5 31.Ra3  1/2-1/2

[Event "Spring Open"]
[Site "Belgrade SCG"]
[Date "2008.04.01"]
[Round "8"]
[White "Brankov,Kri"]
[Black "Kosovac,M"]
[Result "0-1"]
[WhiteElo "1875"]
[BlackElo "2035"]

1.e4 d6 2.d4 Nf6 3.Nc3 c6 4.f4 g6 5.Nf3 Bg7 6.Bd3 Nbd7 7.e5 Nd5 8.Nxd5 cxd5
9.Qe2 O-O 10.O-O e6 11.Qf2 Nb6 12.Qg3 f5 13.a3 Bd7 14.Qf2 Kh8 15.g4 Bh6 16.g5 Bg7
17.h4 Be8 18.Bd2 Rf7 19.Kg2 Nc4 20.Bc3 Rc7 21.Rh1 Kg8 22.Nd2 a5 23.Nxc4 dxc4
24.Be2 Bc6+ 25.Bf3 Bxf3+ 26.Qxf3 Qd7 27.h5 Qc6 28.h6 Bf8 29.Qxc6 Rxc6 30.Rhe1 Kf7
31.Rad1 d5 32.a4 Bb4 33.Re3 Rb6 34.Bxb4 Rxb4 35.b3 Rc8 36.Rd2 Ke7 37.Kf2 Kd7
38.Ke2 cxb3 39.cxb3 Rc1 40.Rdd3 Rh1 41.Rf3 Rb1 42.Kd2 Rb2+ 43.Kc1 Re2 44.Kd1 Re4
45.Kc2 Rexd4 46.Rxd4 Rxd4 47.Kc3 Re4 48.Kd3 Kc6 49.Rf2 Rb4 50.Kc2 b5 51.axb5+ Rxb5
52.Rf3 Rc5+ 53.Kb2 d4 54.Ka3 Kd5 55.Ka4 Ke4 56.Rf1 d3 57.b4 axb4 58.Kxb4 Rc7  0-1

[Event "TCh-RUS w"]
[Site "Dagomys RUS"]
[Date "2008.04.02"]
[Round "1"]
[White "Zdebskaja,N"]
[Black "Kharashuta,E"]
[Result "1-0"]
[WhiteElo "2368"]
[BlackElo "2194"]

1.e4 d6 2.d4 Nf6 3.Nc3 e5 4.Nf3 Nbd7 5.g4 g6 6.g5 Nh5 7.Be3 c6 8.Qd2 Be7
9.O-O-O O-O 10.h4 Qc7 11.Be2 b5 12.Nh2 b4 13.Nb1 exd4 14.Bxd4 c5 15.Bxh5 gxh5
16.Bf6 Nxf6 17.gxf6 Bxf6 18.Rhg1+ Kh8 19.Qh6 Qe7 20.Rd5 Bb7 21.Qxh7+  1-0

[Event "K41 Scandinavian Open"]
[Site "Valby DEN"]
[Date "2008.04.02"]
[Round "6"]
[White "Thorfinnsson,Br"]
[Black "Lund,E"]
[Result "0-1"]
[WhiteElo "2406"]
[BlackElo "2403"]

1.d4 d6 2.e4 Nf6 3.Nc3 e5 4.Nf3 Nbd7 5.g4 g6 6.g5 Nh5 7.Be3 c6 8.Qd2 Qc7
9.O-O-O Be7 10.Kb1 O-O 11.Ne2 f5 12.gxf6 Ndxf6 13.Bh6 Nxe4 14.Qe3 Bg4 15.Bg2 Nxf2
16.Qxf2 e4 17.Bxf8 Rxf8 18.h3 Bxf3 19.Bxf3 d5 20.Rhg1 Rxf3 21.Qg2 Qd7 22.Rh1 Kg7
23.Ng1 Rg3 24.Qe2 Bf6 25.c3 Bg5 26.Rf1 Be3 27.Qh2 Bg5 28.Qf2 Bf4 29.Rh2 Qf5
30.Qc2 Rxg1 31.Rxg1 Bxh2 32.Qxh2 Nf4 33.h4 e3+ 34.Ka1 e2 35.a3 Qe4 36.Qg3 Nd3  0-1

[Event "TCh-RUS Major League"]
[Site "Dagomys RUS"]
[Date "2008.04.05"]
[Round "3"]
[White "Neverov,A"]
[Black "Yatsenko,A"]
[Result "0-1"]
[WhiteElo "2389"]
[BlackElo "2452"]

1.e4 d6 2.d4 Nf6 3.Nc3 Nbd7 4.f4 e5 5.dxe5 dxe5 6.fxe5 Nxe5 7.Qxd8+ Kxd8
8.Nf3 Nfd7 9.Bf4 Bd6 10.Bg3 f6 11.O-O-O Nf7 12.Bf2 a6 13.Bc4 Nfe5 14.Bb3 Ng4
15.Bg1 Ke8 16.Nd5 Nh6 17.Nh4 b6 18.Kb1 Rb8 19.Be3 g5 20.Nxf6+ Nxf6 21.Bxg5 Nfg4
22.e5 Be7 23.Bxe7 Kxe7 24.Rde1 Nf5 25.Nf3 Bb7 26.h3 Nge3 27.Rhg1 Bxf3 28.gxf3 c5
29.c4 Rhg8 30.Kc1 Ke6 31.Kd2 Rxg1 32.Rxg1 Rd8+ 33.Ke2 Kxe5  0-1

[Event "TCh-RUS w"]
[Site "Dagomys RUS"]
[Date "2008.04.05"]
[Round "4"]
[White "Bronnikova,E"]
[Black "Shumiakina,T"]
[Result "1-0"]
[WhiteElo "2293"]
[BlackElo "2360"]

1.e4 d6 2.d4 Nf6 3.Nc3 e5 4.Nf3 Nbd7 5.Bc4 Be7 6.O-O O-O 7.Re1 c6 8.a4 b6
9.b3 a6 10.Bb2 Bb7 11.d5 c5 12.Bd3 Ne8 13.Nd2 g6 14.Nc4 Ng7 15.Ba3 Rb8 16.Qe2 Bc8
17.b4 Qc7 18.bxc5 Nxc5 19.Bb4 Bd7 20.a5 b5 21.Nb6 Be8 22.Na2 f5 23.f3 Nd7
24.Nxd7 Bxd7 25.Bd2 fxe4 26.fxe4 Nh5 27.g3 Nf6 28.Nb4 Ng4 29.Rf1 Rxf1+ 30.Rxf1 Qxa5
31.Nc6 Qb6+ 32.Kg2 Bf8 33.Nxb8 Qxb8 34.Qf3 Qe8 35.h3 Bh6 36.Bxh6 Nxh6 37.Qe3 Nf7
38.Ra1 Qc8 39.g4 Qb7 40.Qf2 Qc8 41.Kg3 Qb7 42.Qf6 Qa7 43.Rf1 Bc8 44.h4 Qe3+
45.Kh2 Qa7 46.h5 gxh5 47.gxh5 Qd7 48.Rf3 Kf8 49.Bf1  1-0

[Event "TCh-RUS Major League"]
[Site "Dagomys RUS"]
[Date "2008.04.07"]
[Round "5"]
[White "Kryakvin,D"]
[Black "Bachin,V"]
[Result "1-0"]
[WhiteElo "2554"]
[BlackElo "2493"]

1.d4 d6 2.e4 Nf6 3.Nc3 c6 4.g3 Nbd7 5.Bg2 e5 6.Nge2 Be7 7.O-O b5 8.a3 Bb7
9.h3 a6 10.Be3 Qc7 11.g4 O-O-O 12.Ng3 g6 13.f4 h5 14.g5 Nh7 15.Qd2 exf4 16.Bxf4 f6
17.gxf6 Bxf6 18.Be3 h4 19.Nge2 g5 20.Rf5 Rdg8 21.Bf3 Kb8 22.Rf1 Nb6 23.Bg4 Nc4
24.Qc1 Rf8 25.b3 Nxe3 26.Qxe3 Bc8 27.R5f3 Bg7 28.Bxc8 Kxc8 29.Rxf8+ Rxf8
30.Rxf8+ Bxf8 31.Qf3 Kd8 32.Nd1 Qe7 33.Nf2 Bg7 34.Qf5 Nf8 35.Kf1 Ne6 36.c3 Kc7
37.Ng4 Qf8 38.Kg2 Qe7 39.Kf3 Nf8 40.Nc1 Nd7 41.Nd3 Kd8 42.Nb4 Nb8 43.e5 dxe5
44.Nxe5 Bxe5 45.Qxe5 Qxe5 46.dxe5 Ke7 47.Kg4 Ke6 48.Nd3 Nd7 49.Kxg5 c5 50.Kxh4 c4
51.bxc4 bxc4 52.Nb4 Nc5 53.Kg5 Kxe5 54.h4 Ne6+ 55.Kg4 a5 56.Nc6+ Ke4 57.h5 Kd3
58.h6 Nf8 59.Nxa5 Kxc3 60.Kf5 Kd3 61.Nc6 c3 62.Nb4+ Kc4 63.Ke4 Nh7 64.Ke3 Nf6
65.Ke2 Nh7 66.Nc2 Nf8 67.Ne3+ Kb3 68.Kd3 Kxa3 69.Kxc3 Nh7 70.Nd5 Ka4 71.Kc4 Ka5
72.Kc5 Ka6 73.Kd6 Kb7 74.Ke7 Kc6 75.Nf6 Ng5 76.Ne4  1-0

[Event "10th Open"]
[Site "Dubai UAE"]
[Date "2008.04.07"]
[Round "2"]
[White "Sergeeva,M"]
[Black "Gagunashvili,M"]
[Result "0-1"]
[WhiteElo "2317"]
[BlackElo "2553"]

1.e4 d6 2.d4 Nf6 3.Nc3 Nbd7 4.Nf3 e5 5.Bc4 Be7 6.O-O O-O 7.a4 c6 8.Re1 Qc7
9.Bb3 h6 10.a5 Re8 11.h3 Nf8 12.d5 c5 13.Nh4 a6 14.Bc4 N6h7 15.Nf5 Bg5 16.Bxg5 hxg5
17.Ne3 g6 18.Bd3 Nf6 19.Nc4 Nh5 20.Kh2 Nh7 21.Nb6 Rb8 22.g3 Kg7 23.Nca4 Rh8
24.Nxc8 Rbxc8 25.Nb6 Rcf8 26.Kg2 N5f6 27.Rb1 Nd7 28.Nxd7 Qxd7 29.b4 cxb4
30.Rxb4 Nf6 31.Rh1 Qc7 32.Qc1 Rb8 33.Qa3 Nd7 34.Be2 Nc5 35.Bg4 Rbf8 36.Bf3 f5
37.Qe3 Qxa5 38.Rbb1 Qd8 39.exf5 gxf5 40.Be2 f4 41.gxf4 gxf4 42.Qf3 Rh6 43.Kh2 Kh8
44.Rhg1 Qf6 45.Bd3 Qe7 46.Rg6 Rxg6 47.Bxg6 Qh4 48.Rg1 Rg8 49.Rg4 Qf6 50.Qg2 Nd7
51.Rg5 Rg7 52.Rh5+ Kg8 53.Bh7+ Kf8 54.Qf3 Rg5 55.h4 Rxh5 56.Qxh5 Nc5 57.Bf5 a5
58.Qg4 a4 59.h5 a3 60.Bg6 Kg7 61.c3 Kh6 62.Kh3 a2 63.Qg1 Nb3 64.Be4 Qg5  0-1

[Event "TCh-RUS w"]
[Site "Dagomys RUS"]
[Date "2008.04.08"]
[Round "7"]
[White "Bodnaruk,A"]
[Black "Kharashuta,E"]
[Result "1/2-1/2"]
[WhiteElo "2347"]
[BlackElo "2194"]

1.e4 d6 2.d4 Nf6 3.Nc3 e5 4.Nge2 c6 5.g3 Be7 6.Bg2 b5 7.a3 Nbd7 8.O-O O-O
9.h3 a5 10.g4 Ba6 11.Ng3 b4 12.Nce2 d5 13.Re1 Bxe2 14.Qxe2 dxe4 15.dxe5 Nxe5
16.Nxe4 Nd5 17.axb4 axb4 18.Rxa8 Qxa8 19.Ng3 Ng6 20.Nf5 Bc5 21.Qc4 Qa7 22.Re2 Qa1
23.Re1 Qa7  1/2-1/2

[Event "TCh-RUS Major League"]
[Site "Dagomys RUS"]
[Date "2008.04.09"]
[Round "7"]
[White "Kostin,Alexe"]
[Black "Yatsenko,A"]
[Result "1/2-1/2"]
[WhiteElo "2392"]
[BlackElo "2452"]

1.e4 d6 2.d4 Nf6 3.Nc3 e5 4.Nf3 Nbd7 5.g4 Nxg4 6.Rg1 Ngf6 7.Bc4 h6 8.Be3 c6
9.Qd3 b5 10.Bxf7+ Kxf7 11.dxe5 dxe5 12.Nxe5+ Nxe5 13.Qxd8 Nf3+ 14.Kd1 Nxg1
15.Kc1 Be7 16.Qd1 Nh3 17.e5 Rd8 18.Qf3 Bg4 19.Qg2 b4 20.exf6 bxc3 21.Qxg4 cxb2+
22.Kxb2 Rab8+ 23.Kc3 Bxf6+ 24.Kc4 Bxa1 25.c3 Ng5 26.Bxg5 hxg5 27.Qf5+ Ke7
28.Qxg5+ Kd6 29.Qg3+ Kd7 30.Qxg7+ Kc8 31.Qxa7 Rd5 32.a4 Rb7 33.Qa8+ Kc7 34.Qf8 Bb2
35.Qe7+ Kb6 36.Qe3+ Ka6 37.Qe8 Kb6 38.Qe3+ Ka5 39.Qe8 Ba3 40.Qa8+ Kb6 41.a5+ Kc7
42.a6 Rb8 43.Qa7+ Kc8 44.Qf7 Ra5 45.h4 Rc5+ 46.Kd3 Rd5+ 47.Ke4 Rd7 48.Qf5 Bd6
49.h5 Kc7 50.Qa5+ Kc8 51.h6 Rb5 52.Qa2 Re7+ 53.Kf3 Rf5+ 54.Kg2 Ref7 55.a7 Rxf2+
56.Qxf2 Rxf2+ 57.Kxf2 Kb7 58.Ke3 Be5 59.c4 Kxa7 60.Ke4 Bh8 61.Kf5 Kb6 62.Ke6 Kc5
63.Kd7 Be5 64.h7 Bh8 65.Kc7 Bg7 66.Kd7 Be5 67.Ke6 Kd4 68.c5 Ke4 69.h8=Q Bxh8
70.Kd6 Bd4  1/2-1/2

[Event "TCh-RUS w"]
[Site "Dagomys RUS"]
[Date "2008.04.10"]
[Round "8"]
[White "Kuzevanova,E"]
[Black "Kharashuta,E"]
[Result "0-1"]
[WhiteElo "2206"]
[BlackElo "2194"]

1.e4 d6 2.d4 Nf6 3.Nc3 e5 4.Nf3 Nbd7 5.Bc4 Be7 6.O-O O-O 7.Re1 c6 8.a4 b6
9.d5 cxd5 10.Nxd5 Bb7 11.c3 Rc8 12.Ba2 Nc5 13.Nxf6+ Bxf6 14.Bd5 Qd7 15.a5 b5
16.h3 Rfd8 17.Nh2 Bxd5 18.exd5 Be7 19.Be3 f5 20.Bxc5 Rxc5 21.Qd2 Qb7 22.Red1 Rdc8
23.Nf1 b4 24.cxb4 Rc2 25.Qd3 e4 26.Qb3 Bf6 27.Rab1 R2c4 28.b5 R4c5 29.b6 Rxa5
30.Ne3 Qd7 31.Rdc1 Rb8 32.Nc4 Rc5 33.bxa7 Qxa7 34.Qd1 Qc7 35.Ne3 g6 36.Rxc5 Qxc5
37.Qa4 Bd4 38.b4 Qb6 39.Qb3 Rc8 40.Nd1 Bxf2+ 41.Kh1 Qc7 42.Ne3 f4 43.Ng4 Qc1+
44.Qd1 Qxd1+ 45.Rxd1 Bh4 46.Nh2 Rb8 47.Rd4 Re8 48.Rd2 Be1 49.Rb2 Bc3 50.Rb3 Rc8
51.b5 Ba5 52.Rb1 Bb6 53.Ng4 Kf7 54.Rf1 g5 55.Re1 h5 56.Nh2 Rc5 57.h4 g4 58.Nf1 e3
59.g3 e2 60.Rxe2 Rc1 61.Kh2 Rxf1 62.Re4 Rf2+  0-1

[Event "10th Open"]
[Site "Dubai UAE"]
[Date "2008.04.10"]
[Round "5"]
[White "Laxman,R"]
[Black "Noroozi,O"]
[Result "1-0"]
[WhiteElo "2488"]
[BlackElo "2274"]

1.d4 d6 2.e4 Nf6 3.Nc3 e5 4.Nf3 Nbd7 5.g3 c6 6.a4 Be7 7.Bg2 O-O 8.O-O Re8
9.Re1 Bf8 10.d5 cxd5 11.exd5 a6 12.Nd2 Qc7 13.a5 b5 14.axb6 Nxb6 15.Nb3 Bg4
16.Qd3 g6 17.Na5 Bf5 18.Qe2 e4 19.Qd1 Bg4 20.Qd2 Bg7 21.Nxe4 Nxe4 22.Bxe4 Qc5
23.c3 f5 24.Bg2 Bh6 25.Rxe8+ Rxe8 26.Qxh6 Re1+ 27.Bf1 Qxd5 28.f3 Qxf3 29.Qf8+ Kxf8
30.Bh6+ Kf7 31.Rxe1 Nd7 32.Bc4+ d5 33.Nc6 Kf6 34.Nd4 Ne5 35.Bxa6  1-0

[Event "Gausdal Classics GMB"]
[Site "Gausdal NOR"]
[Date "2008.04.10"]
[Round "3"]
[White "Levin,F"]
[Black "Vidoniak,R"]
[Result "1/2-1/2"]
[WhiteElo "2546"]
[BlackElo "2400"]

1.d4 d6 2.e4 Nf6 3.Nc3 e5 4.Nge2 Be7 5.g3 c6 6.Bg2 exd4 7.Nxd4 O-O 8.h3 Re8
9.O-O Bf8 10.g4 d5 11.exd5 Nxd5 12.Nxd5 cxd5 13.Bf4 a6 14.c3 Nc6 15.Qb3 Nxd4
16.cxd4 Be6 17.Qxb7 Bd6 18.Bxd6 Qxd6 19.Qb3 Rab8 20.Qa4 Red8 21.b3 Rb4 22.Qa3 h5
23.gxh5 Rxd4 24.Qxd6 Rxd6 25.Rad1 Rh4  1/2-1/2